| 000 | 01557nam a2200433Ii 4500 | ||
|---|---|---|---|
| 001 | DIG0000020 | ||
| 003 | NyNyDIG | ||
| 006 | m o d | ||
| 007 | cr ||||||||||| | ||
| 008 | 050603s2005 sp acfo o 000 d spa d | ||
| 020 | _z849583975x | ||
| 020 | _z9788495839756 | ||
| 035 | _a(OCoLC)875214047 | ||
| 040 |
_aDGITA _beng _epn _cDGITA |
||
| 043 | _ae-sp--- | ||
| 050 | 0 | 4 | _aPN1997.2 eBook |
| 100 | 1 |
_aGay, Cesc., _d1967- |
|
| 245 | 1 | 0 |
_aEn La Ciudad : _bguión cinematográfico / _cde Cesc Gay y Tomás Aragay. |
| 250 | _a1a. ed. en la Colección Espiral. | ||
| 264 | 1 |
_aMadrid : _bOcho y Medio, Libros de Cine, _c2005. |
|
| 300 |
_a1 online resource (142 p., [15] p. of plates) : _bill., ports. |
||
| 336 |
_atext _btxt _2rdacontent |
||
| 337 |
_acomputer _bc _2rdamedia |
||
| 338 |
_aonline resource _bcr _2rdacarrier |
||
| 490 | 1 |
_aColección Espiral ; _v58 |
|
| 500 | _aIncludes the film script and background information on the film (artistic and technical). | ||
| 630 | 0 | 0 | _aEn La Ciudad (Motion picture) |
| 650 | 0 | _aMotion picture plays, Spanish | |
| 650 | 0 |
_aYoung adults _zSpain _zBarcelona _vDrama. |
|
| 655 | 0 | _aElectronic books. | |
| 700 | 1 |
_aAragay, Tomás, _d1968- |
|
| 791 | 2 |
_aDigitalia (Firm), _edistributor. |
|
| 730 | 0 | _aEn La Ciudad (Motion picture) | |
| 793 | 0 |
_gDigitalia eBook Collection: _aOcho y Medio. |
|
| 830 | 0 |
_aColección Espiral (Madrid, Spain) ; _v58. |
|
| 856 | 4 | 0 |
_3Digitalia Hispánica _uhttps://www.digitaliapublishing.com/a/344/ |
| 910 | _aPremium Collection: 2007-2012 | ||
| 942 | _cRAA | ||
| 999 |
_c229433 _d229433 |
||